Épisodes de La Petite Maison dans la prairie en mort subite - Statistiques

Statistiques générales
  • Ce quiz a été pris 70 fois
    64 depuis la dernière actualisation
  • Le résultat moyen est 52 sur 181
Answers on the Grid
Answers color-coded by a green-red scale on the quiz's grid according to % correct below.
L'Installation (A Harvest of Friends)
Les Paysannes (Country Girls)
Une longue marche (The 100 Mile Walk)
L’Idylle de M. Edwards (Mr. Edwards’ Homecoming)
Le Grand Amour de Johnny Johnson (The Love of Johnny Johnson)
La Veillée funèbre (If I Should wake Before I die)
Réceptions (Town Party, Country Party)
Les Vacances de Caroline (Ma’s Holiday)
L’Institutrice (School Mom)
Le Raton laveur (The Racoon)
La Cloche de Tinker Jones (The Voice of Tinker Jones)
La Récompense (The Awards)
Le Fils -en 2 parties- (The Lord Is My Shepherd)
Querelle de Famille (Family Quarrel)
Noël à Plum Creek (Christmas at Plum Creek)
L'Idylle du Dr Baker (Doctor’s Lady)
L'Épidémie (Plague)
L'Homme de Cirque (The Circus Man)
L'Enfant Malheureux (Child of Pain)
L'Agronome (Money Crop)
L'Indien (Survival)
À la Découverte du Monde (To See the World)
La Fête au Village (Founder’s Day)
L'Homme le plus riche du village (The Richest Man in Walnut Grove)
Les Lunettes (Four Eyes)
Le Banquier (Ebenezer Sprague)
La Belle Équipe (In The Big Inning)
La maison hantée (Haunted House)
La Ruée vers l'or (At the End of The Rainbow)
Le Bal du Printemps (The Spring Dance)
Promesses -en 2 parties- (Remember Me)
L'Excursion (The Campout)
Le Cadeau (The Gift)
Le Fils de son Père (His Father’s Son)
La Machine parlante (The Talking Machine)
L’Orgueil du Village (The Pride of Walnut Grove)
Une Question de Confiance (A Matter of Faith)
Le Wagon fou (The Runaway Caboose)
La Discipline (Troublemaker)
Une Éternité (The Long Road Home)
Le Souvenir (For My Lady)
Le Centenaire (Centennial)
L’Appel (Soldier’s Return)
Le Rêve de Matthieu Simms (Going Home)
La Grande Collecte (The Collection)
Bunny (Bunny)
La Course (The Race)
La Chasse aux papillons (Little Girl Lost)
Le Sabre et la tête (The Monster Of Walnut Grove)
Les Promesses -en 2 parties- (Journey In The Spring)
Fred (Fred)
Les Suppôts de Satan (The Bully Boys)
Les Chasseurs (The Hunters)
Blizzard (Blizzard)
Je chevaucherai le Vent (I'll Ride The Wind)
La Quarantaine (Quarantine)
Théâtre (Little Women)
Le Petit Indien (Injun Kid)
L'Hôpital -en 2 parties- (To Live With Fear)
La Sagesse de Salomon (The Wisdom Of Solomon)
La Boîte à musique (The Music Box)
L'Élection (The Election)
L'Or -en 2 parties- (Gold Country)
Kézia (Castoffs)
Le Voyage à Chicago (Times Of Change)
Ellen (My Ellen)
L'Étranger dans la Maison (The Handyman)
Les Loups (The Wolves)
La Vipère de Walnut Grove (The Creeper of Walnut Grove)
L'Heure de la Retraite (To Run And Hide)
Une Décision difficile (The Aftermath)
Le Bon Sens (The High Cost Of Being Right)
Le Boxeur (The Fighter)
La Foire (Meet Me At The Fair)
Vive la Mariée (Here Come The Brides)
La Liberté (Freedom Flight)
Rivalité (The Rivals)
La Rumeur (Whisper Country)
Souvenirs (I Remember, I Remember)
Les Bons Amis (Be My Friend)
L'Héritage (The Inheritance)
L'Étranger (The Stranger)
Un Bien si Précieux (A Most Precious Gift)
L'Adieu -en 2 parties- (I'll Be Waving As You Drive Away)
Serrons les Coudes -en 2 parties- (As Long As We're Together: Part 1)
Le Pari (The Winoka Warriors)
Un Gros (The Man Inside)
Le Retour -en 2 parties- (There's No Place Like Home)
Fagin (Fagin)
Le Journal (Harriet's Happenings)
Le Mariage (The Wedding)
L'Épreuve (Men Will Be Boys)
Tricherie (The Cheaters)
Le Voyage -en 2 parties- (Blind Journey)
Le Téléphone (The Godsister)
L'Artisan (The Craftsman)
Le Mensonge (Blind Man's Bluff)
Le Bal (Dance With Me)
L'Héritier (The Sound of Children)
Le Monstre du lac (The Lake Kezia Monster)
L'Incendiaire (Barn Burner)
Espoir (The Enchanted Cottage)
Un beau gâchis (Someone Please Love Me)
Question de vie ou de mort (Mortal Mission)
L'Odyssée (The Odyssey)
La Rentrée -en 2 parties- (Back To School
L'Arbre (The Family Tree)
Le Miracle (The Third Miracle)
Annabelle (Annabelle)
Le pasteur se marie (The Preacher Takes A Wife)
Le Rêve d'Halloween (The Halloween Dream)
Le Retour de M.Edwards (The Return of Mr. Edwards)
Le roi est mort (The King Is Dead)
Le Guérisseur (The Faith Healer)
L'Auteur ! L'Auteur ! (Author !, Author !)
Ne coupez pas (Crossed Connections)
La Révolte (The Angry Heart)
Le Loup-Garou (The Werewolf Of Walnut Grove)
Qu'est devenue la classe 56 ? (Whatever Happened To The Class Of '56'?)
Les Évadés (Darkness Is My Friend)
Le Banni (Silent Promises)
L'Incendie -en 2 parties- (May We Make Them Proud)
La Brebis Galeuse (Wilder And Wilder)
Coquin de printemps (Second Spring)
Le Bel Âge (Sweet Sixteen)
Il m'aime, oui ou non ? -en 2 parties- (He Loves Me, He Loves Me Not
Laura Ingalls Wilder -en 2 parties- (Laura Ingalls Wilder)
Un nouveau départ (A New Beginning)
Courage (Fight Team Fight !)
Le Cri (The Silent Cry)
Un acte d'amour (Portrait Of Love)
Le Divorce (Divorce, Walnut Grove Style)
Albert (Dearest Albert, I'll Miss You)
La Loi (The In-Laws)
La Lueur -en 2 parties- (To See The Light)
Les Oleson (Oleson Versus Oleson)
Soyons raisonnables (Come, Let Us Reason Together)
Les Neveux (The Nephews)
La Fête (Make A Joyful Noise)
Au Revoir Madame Wilder (Goodbye, Mrs Wilder)
Sylvia -en 2 parties- (Sylvia)
Justice aveugle (Blind Justice)
Les Noces (I Do, Again)
La Dernière Chance -en 2 parties- (The Lost Ones)
Triste Expérience (Growin' Pains)
La Réincarnation de Nellie -en 2 parties- (The Reincarnation of Nellie
Les Associés (Dark Sage)
Sagesse (A Wiser Heart)
Le Grand Gambini (Gambini The Great)
Black Jake (The Legend of Black Jake)
Chicago (Chicago)
La Vie Moderne (Wave of the Future)
Pour l'amour de Nancy (For The Love of Nancy)
Un Noël inoubliable (A Christmas They Never Forgot)
Un handicap (No Beast So Fierce)
La Sécheresse (Stone Soup)
La Loi (The Legacy)
Oncle Jed (Uncle Jed)
Une seconde chance (Second Chance)
À l'épreuve de la Vie -en 2 parties- (Days of Sunshine, Days of Shadow)
La Promesse (A Promise To Keep)
Les Larmes (A Faraway Cry)
Il n'avait que douze ans -en 2 parties- (He Was Only Twelve)
Un nouveau départ -en 2 parties- (Times Are Changing)
Bienvenue à Olesonville (Welcome To Olesonville)
Rage (Rage)
Les Histoires les plus courtes... (Little Lou)
L'Enfant Sauvage -en 2 parties- (The Wild Boy)
Le Retour de Nellie (The Return Of Nellie)
Les Bâtisseurs d'empire (The Empire Builders)
Amour (Love)
Le Dilemme d'Alden (Alden's Dilemma)
Le Jardin extraordinaire (Marvin's Garden)
Le Grand Péché (Sins Of The Fathers)
Il était une Fois (Once Upon A Time)
Les Grands Frères (The Older Brothers)
On est bien chez soi -en 2 parties- (Home Again)
L'Enfant qui n'avait pas de Nom (A Child With No Name)
Pour l'amour de Blanche (For The Love Of Blanche)
Accordez-moi cette danse (May I Have This Dance?)
Bonjour et au-revoir (Hello and Goodbye)
Pacte avec le diable (Deal With The Devil)
Mélancolie (Before the Dawn)
Le Prix du sang (Blood Money)
Le Choix (The Cat's in the Bag)
Nebraska (Nebraska)
Le Doigt sur la détente (Triggerfinger)
Le Karma (What Have I Done Deserve This?)
On demande Alicia -en 2 parties- (Calling Alicia)
Lève toi et marche (Get Up and Walk!)
 
Statistiques - réponses
Réponse % Correct
Il m'aime, oui ou non ? -en 2 parties- (He Loves Me, He Loves Me Not
52%
L'Enfant qui n'avait pas de Nom (A Child With No Name)
48%
La Boîte à musique (The Music Box)
43%
La Machine parlante (The Talking Machine)
43%
La Sagesse de Salomon (The Wisdom Of Solomon)
43%
La Veillée funèbre (If I Should wake Before I die)
43%
Le Centenaire (Centennial)
43%
Le Grand Amour de Johnny Johnson (The Love of Johnny Johnson)
43%
Le Guérisseur (The Faith Healer)
43%
Le Retour de Nellie (The Return Of Nellie)
43%
Le Wagon fou (The Runaway Caboose)
43%
L'Héritage (The Inheritance)
43%
L’Idylle de M. Edwards (Mr. Edwards’ Homecoming)
43%
L'Indien (Survival)
43%
Promesses -en 2 parties- (Remember Me)
43%
Un Bien si Précieux (A Most Precious Gift)
43%
Annabelle (Annabelle)
38%
Bonjour et au-revoir (Hello and Goodbye)
38%
Bunny (Bunny)
38%
Fagin (Fagin)
38%
Il n'avait que douze ans -en 2 parties- (He Was Only Twelve)
38%
La Belle Équipe (In The Big Inning)
38%
L'Agronome (Money Crop)
38%
Le Bel Âge (Sweet Sixteen)
38%
Le Mariage (The Wedding)
38%
Le Raton laveur (The Racoon)
38%
Les Oleson (Oleson Versus Oleson)
38%
L'Idylle du Dr Baker (Doctor’s Lady)
38%
L'Incendie -en 2 parties- (May We Make Them Proud)
38%
L'Or -en 2 parties- (Gold Country)
38%
L’Orgueil du Village (The Pride of Walnut Grove)
38%
Oncle Jed (Uncle Jed)
38%
Pour l'amour de Nancy (For The Love of Nancy)
38%
Réceptions (Town Party, Country Party)
38%
Sylvia -en 2 parties- (Sylvia)
38%
Théâtre (Little Women)
38%
Un nouveau départ -en 2 parties- (Times Are Changing)
38%
Albert (Dearest Albert, I'll Miss You)
33%
Bienvenue à Olesonville (Welcome To Olesonville)
33%
Justice aveugle (Blind Justice)
33%
Kézia (Castoffs)
33%
La Brebis Galeuse (Wilder And Wilder)
33%
La Course (The Race)
33%
La Lueur -en 2 parties- (To See The Light)
33%
Laura Ingalls Wilder -en 2 parties- (Laura Ingalls Wilder)
33%
L'Auteur ! L'Auteur ! (Author !, Author !)
33%
La Vipère de Walnut Grove (The Creeper of Walnut Grove)
33%
Le Banquier (Ebenezer Sprague)
33%
Le Dilemme d'Alden (Alden's Dilemma)
33%
Le Divorce (Divorce, Walnut Grove Style)
33%
Le Grand Gambini (Gambini The Great)
33%
Le Monstre du lac (The Lake Kezia Monster)
33%
Le Pari (The Winoka Warriors)
33%
Le Retour de M.Edwards (The Return of Mr. Edwards)
33%
Le Souvenir (For My Lady)
33%
Les Paysannes (Country Girls)
33%
Les Suppôts de Satan (The Bully Boys)
33%
Le Voyage à Chicago (Times Of Change)
33%
L'Homme le plus riche du village (The Richest Man in Walnut Grove)
33%
Ne coupez pas (Crossed Connections)
33%
On est bien chez soi -en 2 parties- (Home Again)
33%
Qu'est devenue la classe 56 ? (Whatever Happened To The Class Of '56'?)
33%
Un acte d'amour (Portrait Of Love)
33%
Une Question de Confiance (A Matter of Faith)
33%
Au Revoir Madame Wilder (Goodbye, Mrs Wilder)
29%
Black Jake (The Legend of Black Jake)
29%
Fred (Fred)
29%
La Chasse aux papillons (Little Girl Lost)
29%
La Cloche de Tinker Jones (The Voice of Tinker Jones)
29%
L'Adieu -en 2 parties- (I'll Be Waving As You Drive Away)
29%
La Foire (Meet Me At The Fair)
29%
L’Appel (Soldier’s Return)
29%
La Quarantaine (Quarantine)
29%
L'Arbre (The Family Tree)
29%
La Rentrée -en 2 parties- (Back To School
29%
La Révolte (The Angry Heart)
29%
La Rumeur (Whisper Country)
29%
Le Bal du Printemps (The Spring Dance)
29%
Le Banni (Silent Promises)
29%
Le Boxeur (The Fighter)
29%
Le Journal (Harriet's Happenings)
29%
Le Loup-Garou (The Werewolf Of Walnut Grove)
29%
Le Miracle (The Third Miracle)
29%
Le Petit Indien (Injun Kid)
29%
L'Épidémie (Plague)
29%
L'Épreuve (Men Will Be Boys)
29%
Le Retour -en 2 parties- (There's No Place Like Home)
29%
Les Évadés (Darkness Is My Friend)
29%
Les Loups (The Wolves)
29%
Les Lunettes (Four Eyes)
29%
Les Neveux (The Nephews)
29%
Les Promesses -en 2 parties- (Journey In The Spring)
29%
Les Vacances de Caroline (Ma’s Holiday)
29%
L'Étranger (The Stranger)
29%
Le Voyage -en 2 parties- (Blind Journey)
29%
L'Héritier (The Sound of Children)
29%
L'Homme de Cirque (The Circus Man)
29%
L'Incendiaire (Barn Burner)
29%
L’Institutrice (School Mom)
29%
Querelle de Famille (Family Quarrel)
29%
Rage (Rage)
29%
Serrons les Coudes -en 2 parties- (As Long As We're Together: Part 1)
29%
Tricherie (The Cheaters)
29%
Un beau gâchis (Someone Please Love Me)
29%
Une Décision difficile (The Aftermath)
29%
Une longue marche (The 100 Mile Walk)
29%
Un Gros (The Man Inside)
29%
À l'épreuve de la Vie -en 2 parties- (Days of Sunshine, Days of Shadow)
24%
Blizzard (Blizzard)
24%
Chicago (Chicago)
24%
Espoir (The Enchanted Cottage)
24%
Il était une Fois (Once Upon A Time)
24%
Je chevaucherai le Vent (I'll Ride The Wind)
24%
La Discipline (Troublemaker)
24%
La Fête au Village (Founder’s Day)
24%
La Loi (The In-Laws)
24%
La Loi (The Legacy)
24%
La maison hantée (Haunted House)
24%
La Promesse (A Promise To Keep)
24%
La Récompense (The Awards)
24%
La Réincarnation de Nellie -en 2 parties- (The Reincarnation of Nellie
24%
L'Artisan (The Craftsman)
24%
La Ruée vers l'or (At the End of The Rainbow)
24%
Le Bal (Dance With Me)
24%
Le Cadeau (The Gift)
24%
Le Cri (The Silent Cry)
24%
Le Fils -en 2 parties- (The Lord Is My Shepherd)
24%
L'Élection (The Election)
24%
L'Enfant Malheureux (Child of Pain)
24%
L'Enfant Sauvage -en 2 parties- (The Wild Boy)
24%
Le pasteur se marie (The Preacher Takes A Wife)
24%
Le Rêve de Matthieu Simms (Going Home)
24%
Le Rêve d'Halloween (The Halloween Dream)
24%
Le roi est mort (The King Is Dead)
24%
Les Associés (Dark Sage)
24%
Les Bâtisseurs d'empire (The Empire Builders)
24%
Les Bons Amis (Be My Friend)
24%
Le Téléphone (The Godsister)
24%
L'Étranger dans la Maison (The Handyman)
24%
L'Excursion (The Campout)
24%
L'Heure de la Retraite (To Run And Hide)
24%
L'Hôpital -en 2 parties- (To Live With Fear)
24%
L'Installation (A Harvest of Friends)
24%
L'Odyssée (The Odyssey)
24%
Noël à Plum Creek (Christmas at Plum Creek)
24%
Pour l'amour de Blanche (For The Love Of Blanche)
24%
Rivalité (The Rivals)
24%
Une Éternité (The Long Road Home)
24%
Un nouveau départ (A New Beginning)
24%
Vive la Mariée (Here Come The Brides)
24%
Accordez-moi cette danse (May I Have This Dance?)
19%
À la Découverte du Monde (To See the World)
19%
Coquin de printemps (Second Spring)
19%
Courage (Fight Team Fight !)
19%
La Grande Collecte (The Collection)
19%
La Sécheresse (Stone Soup)
19%
Le Grand Péché (Sins Of The Fathers)
19%
Le Jardin extraordinaire (Marvin's Garden)
19%
Le Sabre et la tête (The Monster Of Walnut Grove)
19%
Les Chasseurs (The Hunters)
19%
Les Larmes (A Faraway Cry)
19%
Question de vie ou de mort (Mortal Mission)
19%
Sagesse (A Wiser Heart)
19%
Souvenirs (I Remember, I Remember)
19%
Soyons raisonnables (Come, Let Us Reason Together)
19%
Triste Expérience (Growin' Pains)
19%
Une seconde chance (Second Chance)
19%
Un Noël inoubliable (A Christmas They Never Forgot)
19%
Ellen (My Ellen)
14%
La Dernière Chance -en 2 parties- (The Lost Ones)
14%
La Liberté (Freedom Flight)
14%
La Vie Moderne (Wave of the Future)
14%
Le Bon Sens (The High Cost Of Being Right)
14%
Le Fils de son Père (His Father’s Son)
14%
Le Mensonge (Blind Man's Bluff)
14%
Les Grands Frères (The Older Brothers)
14%
Les Histoires les plus courtes... (Little Lou)
14%
Un handicap (No Beast So Fierce)
14%
La Fête (Make A Joyful Noise)
10%
Les Noces (I Do, Again)
10%
Amour (Love)
5%
Aucun quiz correspondant
Distribution des résultats
% des personnes avec chaque résultat
Percentile par nombre de réponses
Votre historique - résultats
Vous n’avez pas pris ce quiz depuis la dernière actualisation